Thủy khí động lực kĩ thuật; T1

Gespeichert in:
Bibliographische Detailangaben
1. Verfasser: Vũ Duy Quang
Format: Buch
Sprache:Undetermined
Veröffentlicht: Hà Nội ĐH và THCN 1979
Schlagworte:
Tags: Tag hinzufügen
Keine Tags, Fügen Sie den ersten Tag hinzu!
Thư viện lưu trữ: Trung tâm Học liệu Trường Đại học Cần Thơ
LEADER 00498nam a2200169Ia 4500
001 CTU_17705
008 210402s9999 xx 000 0 und d
082 |a 620.106 
082 |b Ph308/T1 
100 |a Vũ Duy Quang 
245 0 |a Thủy khí động lực kĩ thuật; T1 
245 0 |c Vũ Duy Quang, Trần Sĩ Phiệt 
260 |a Hà Nội 
260 |b ĐH và THCN 
260 |c 1979 
650 |a fluid mechanics 
980 |a Trung tâm Học liệu Trường Đại học Cần Thơ